000 00678nam a2200241 a 4500
003 SISC
005 20170308104112.0
008 070606s19uu xx 00 eng d
020 _a9780071244336
050 _aHF 5415.153
_b.C856 2011
100 _aCrawford, Merle.
245 _aNew products management /
_cMerle Crawford.
250 _a8th edition.
260 _aU.S.A :
_bMcGraw-Hill, Inc,
_c2011.
300 _a540 pages ;
_c25 cm.
500 _aIncludes appendix and indexes.
650 _aNew products.
650 _aProduct management.
650 _aDiffucion of innovations.
700 _aDi Benedetto, Anthony.
942 _cBK
_2lcc
_kFOR
999 _c22018
_d22018